00367nam a2200097Ia 4500008004100000041000800041100002000049245013600069260004500205999001900250241105s9999 xx 000 0 und d aeng aHatti Aishwarya aConnecting Old And New Spaces And Cultures: Evolving Landscape Stragies For A Riverine Urbanscape Of Chinchwadgaon And Pavana River bBNCA M Arch Landscape Architecturec1905 c362055d362055